| 000 -LEADER |
| fixed length control field |
00721nam a22001577a 4500 |
| 005 - DATE AND TIME OF LATEST TRANSACTION |
| control field |
20231204151936.0 |
| 008 - FIXED-LENGTH DATA ELEMENTS--GENERAL INFORMATION |
| fixed length control field |
231204s1965 gw ||||| |||| 00| 0 ger d |
| 041 ## - LANGUAGE CODE |
| Language code of text/sound track or separate title |
ger |
| 080 ## - UNIVERSAL DECIMAL CLASSIFICATION NUMBER |
| Universal Decimal Classification number |
656.61 L-24 |
| 100 ## - MAIN ENTRY--PERSONAL NAME |
| Personal name |
Lang, A.W. |
| 9 (RLIN) |
20565 |
| 245 ## - TITLE STATEMENT |
| Title |
Entwicklung, Aufbau und Verwaltung des Seezeichenwesens an der deutschen Nordseeküste bis zur Mitte des 19. Jahrhunderts / |
| Statement of responsibility, etc. |
A.W Lang. |
| 264 ## - PRODUCTION, PUBLICATION, DISTRIBUTION, MANUFACTURE, AND COPYRIGHT NOTICE |
| Place of production, publication, distribution, manufacture |
Bonn, |
| Date of production, publication, distribution, manufacture, or copyright notice |
1965. |
| 300 ## - PHYSICAL DESCRIPTION |
| Extent |
162 p.: |
| Other physical details |
ill.; |
| Dimensions |
28 cm. |
| 653 ## - INDEX TERM--UNCONTROLLED |
| keyword |
გერმანიის ჩრდილოეთ ზღვის სანაპიროზე ნაოსნობის განვითარება, სტრუქტურა და ადმინისტრირება |
| 942 ## - ADDED ENTRY ELEMENTS (KOHA) |
| Source of classification or shelving scheme |
|
| Koha item type |
წიგნი |